| 000 | 02931cam a22003135a 4500 | ||
|---|---|---|---|
| 999 |
_c26966 _d26938 |
||
| 001 | 19586587 | ||
| 005 | 20181112110404.0 | ||
| 008 | 170406s2017 enka frb 001 0 eng d | ||
| 010 | _a 2017939056 | ||
| 020 | _a9780198789130 (pbk.) | ||
| 040 |
_aDLC _beng _cDLC _dEG-ScBUE |
||
| 043 | _ae------ | ||
| 082 | 0 | 4 |
_a341.2422 _bEUR _222 |
| 245 | 0 | 0 |
_aEuropean union law / _cedited by Catherine Barnard, Steve Peers |
| 250 | _a2nd ed. | ||
| 260 |
_aOxford ; _aNew York : _bOxford University Press, _c2017. |
||
| 300 |
_acxvi, 853 p. : _bill. ; _c24 cm. |
||
| 504 | _aIncludes bibliographical references and index. | ||
| 505 | 0 | _aIntroduction / Catherine Barnard and Steve Peers -- Development of the EU / Paul Craig -- The EU's political institutions / Steve Peers -- Constitutionalism and the European Union / Robert Schütze -- Legislating in the European Union / Kieran St. C. Bradley -- The effects of EU law in the national legal systems / Michal Bobek -- EU law : is it international law? / Bruno de Witte -- General principles of EU law and EU administrative law / Herwig C.H. Hofman -- Fundamental rights in the European Union / Eleanor Spaventa -- Judicial protection before the Court of Justice of the European Union / Albertina Albors-Llorens -- The internal market and the philosophies of market integration / Jukka Snell -- Free movement of goods / Peter Oliver and Martín Navarro -- Free movement of natural persons and citizenship of the Union / Catherine Barnard -- Free movement of legal persons and the provisions of services / Catherine Barnard with Jukka Snell -- Free movement of capital / Leo Flynn -- Exceptions to the free movement rules / Niamh Nic Shuibhne -- Competition law / Alison Jones and Christopher Townley -- Public services and EU law / Leigh Hancher and Wolf Sauter -- Economic and monetary union / Alicia Hinarejos -- Labour and equality law / Mia Rönnmar -- EU health law / Tamara K. Hervey -- Environmental law / Elisa Morgera -- European consumer law / Geraint Howells -- EU external action / Geert De Baere -- EU criminal law / John R. Spencer -- Immigration and asylum / Steve Peers -- Brexit : the legal dimension / Steve Peers and Darren Harvey. | |
| 520 | _a"[This book] draws together a range of perspectives from experienced academics, teachers and practitioners to provide a comprehensive introduction to EU law. Each chapter has been written and updated by an expert in the field to provide students with access to a broad range of ideas while offering a solid foundation in the institutional and substantive law of the EU." | ||
| 650 | 7 |
_aLaw _zEuropean Union countries _2BUEsh |
|
| 651 | _2BUEsh | ||
| 653 |
_bLLAAWW _cNovember2018 |
||
| 655 | _vText book | ||
| 700 | 1 |
_a Barnard, Catherine, _eeditor. |
|
| 700 | 1 |
_aPeers, Steve, _eeditor. |
|
| 856 | 4 | 0 |
_3Online resource centre _uwww.oxfordtextbooks.co.uk/orc/barnard_peers2e/ |
| 942 | _2ddc | ||